Estadísticas para Top 30 Historicos NBA

Haz click aquí para intentar la prueba.

Estadísticas generales

  • Esta prueba ha sido intentada 219 veces
  • La puntuación promedio es 24 de 30

Estadísticas de respuestas

Respuesta% Correcto
LeBron James
100%
Michael Jordan
100%
Kobe Bryant
98%
Shaquille O'neal
97%
Kareem Abdul-Jabbar
96%
Stephen Curry
96%
Kevin Durant
95%
Larry Bird
95%
Dirk Nowitzki
92%
Giannis Antetokounmpo
92%
Scottie Pippen
89%
Tim Duncan
89%
Kawhi Leonard
88%
Dwyane Wade
86%
Bill Russell
84%
Wilt Chamberlain
84%
Allen Iverson
81%
Kevin Garnett
80%
Steve Nash
78%
Hakeem Olajuwon
75%
Karl Malone
74%
Moses Malone
73%
John Stockton
69%
Chares Barkley
68%
David Robinson
66%
Julius Erving
64%
Jerry West
63%
Oscar Robertson
60%
Magic Jonhson
37%
Elgin Baylor
35%

Distribución de puntuación

Porcentaje por número respondido

Porcentaje de gente con cada puntuación

Historial de tus puntuaciones

No has intentado esta prueba.